Library of the University of Algiers 3
Ibrahim Sultan Cheibout
شعار جامعة الجزائر 3
مكتبة جامعة الجزائر 3
إبراهيم سلطان شيبوط

مقدمة في الاقتصاد القياسي / (رقم التسجيلة. 46273)

تفاصيل مارك
000 -LEADER
fixed length control field 01481nam a2200241Ia 4500
003 - CONTROL NUMBER IDENTIFIER
control field Ost
005 - DATE AND TIME OF LATEST TRANSACTION
control field 20260507075801.0
008 - FIXED-LENGTH DATA ELEMENTS--GENERAL INFORMATION
fixed length control field 260507s9999||||xx |||||||||||||| ||und||
020 ## - INTERNATIONAL STANDARD BOOK NUMBER
International Standard Book Number 9960050416
040 ## - CATALOGING SOURCE
Transcribing agency fsecg
041 ## - LANGUAGE CODE
Language code of text/sound track or separate title ara
082 ## - DEWEY DECIMAL CLASSIFICATION NUMBER
Classification number 330.1543
100 ## - MAIN ENTRY--PERSONAL NAME
Personal name عبد الرحمن، عبد المحمود محمد
Relator term مؤلف
245 #0 - TITLE STATEMENT
Title مقدمة في الاقتصاد القياسي /
Statement of responsibility, etc. عبد المحمود محمد عبد الرحمن
260 ## - PUBLICATION, DISTRIBUTION, ETC.
Place of publication, distribution, etc. الرياض :
Name of publisher, distributor, etc. جامعة الملك سعود,
Date of publication, distribution, etc. 1995
300 ## - PHYSICAL DESCRIPTION
Extent 520 صفحة؛
Other physical details إيضاحات ؛
Dimensions 24 سم
504 ## - BIBLIOGRAPHY, ETC. NOTE
Bibliography, etc. note الملاحق ص.425 بيبليوغرافيا: ص ص485-491 كشاف مصطلحات ص.493
520 ## - SUMMARY, ETC.
Summary, etc. يهتم بدراسة نموذج الانحدار الخطي، النموذج الخطي لمتغيرين أو الانحدار البسيط والنموذج الخطي العام أو الانحدار المتعددة، يتناول المشكلات القياسية في نموذج الانحدار الارتباط الخطي المتعدد، اختلاف التباين والارتباط الذاتي المتغيرات المتباطئة، موضوعات في الاقتصاد القياسي ونماذج المعادلات الآنية وفي الأخير مراحل البحث القياسي التطبيقي.
653 ## - INDEX TERM--UNCONTROLLED
Uncontrolled term الاقتصاد
653 ## - INDEX TERM--UNCONTROLLED
Uncontrolled term الاقتصاد التحليلي
653 ## - INDEX TERM--UNCONTROLLED
Uncontrolled term الاقتصاد الرياضي
942 ## - ADDED ENTRY ELEMENTS (KOHA)
Koha item type كتب
المقتنيات
Withdrawn status Lost status Source of classification or shelving scheme Damaged status Not for loan Home library Current library Date acquired Serial enumeration / chronology Inventory number Total checkouts Full call number Barcode Date last seen Price effective from Koha item type
    Library of Congress Classification   NOT LOAN / إعارة داخلية مكتبة كلية العلوم الإقتصادية والعلوم التجارية وعلوم التسيير مكتبة كلية العلوم الإقتصادية والعلوم التجارية وعلوم التسيير 07/05/2026 الطابق الأرضي 025.21/525   479/025.21ن01 025.21/525 07/05/2026 07/05/2026 كتب

موارد الويب المفتوحة


© University of Algiers 3 All Rights Reserved
|
Implemented by LECHELAH Riad